| 000 | 00946nam a22002894i 4500 | ||
|---|---|---|---|
| 999 |
_c7942 _d7942 |
||
| 001 | 991061181673906706 | ||
| 003 | OSt | ||
| 005 | 20240930121117.0 | ||
| 008 | 240912e202409 spc|||||||||||||| ||cat|c | ||
| 017 |
_aDL. B 14264-2024 _bBiblioteca de Catalunya |
||
| 020 | _a9788411660990 | ||
| 040 |
_aES-BaUOC _bcat _erda _cCDMR |
||
| 100 | 1 |
_aAira, Toni _93395 |
|
| 245 | 1 | 0 |
_aCap de gabinet : _bmanual d'instruccions per ajudar a governar / _cToni Aira, Sergi Sabaté ; pròleg de Iván Redondo |
| 264 | 1 |
_aBarcelona : _bEditorial UOC, _c2024 |
|
| 300 |
_a144 pàgines ; _c21 cm |
||
| 490 | 1 |
_a[Manuals]. Comunicació ; _v274 |
|
| 504 | _aBibliografia | ||
| 650 | 0 |
_aComunicació en la política _93324 |
|
| 650 | 0 |
_aComunicació en l'administració _93870 |
|
| 700 | 1 | _aSabaté, Sergi, | |
| 830 | 0 |
_aManuals (Editorial UOC) ; _v274 |
|
| 830 | 0 |
_aManuals (Editorial UOC). _pComunicació |
|
| 908 | _aUOC | ||
| 940 | _aUOC | ||
| 942 |
_2udc _cMON |
||